00916 2200169 4500245006300000020002200063250001100085100001600096650002200112005001900134260004000153041001400193084001000207300002800217500049200245336000900737 aJejak Soekarno di Bandung (1921 - 1934)cHer SugandahText a978-979-709-923-7 aCet. 1 aHer Suganda aBiografi Soekarno a20230927102653 aJakartabPenerbit Buku Kompasc2015 aIndonesia a923.2 axiv, 242 hlm. :c21 cm. aDi Bandunglah Soekarno mulai menabuh genderng perang melawan pemerintah kolonial Belanda; perjuangan yang membawanya ke sel Penjara Banceuy dan Sukamiskin, sebelum akhirnya dibuang jauh ke Ende, Flores. Di Bandung pula Soekarno menemukan cinta sejatinya yang pertama pada diri Inggit Ganarsih. Tanpa dukungan sepenuh hati dari perempuan yang ia juluki sebagai "Drupandi" ini, Soekarno mungkin tak akan mampu bertahan menhadapi berbagai kesulitn dalam perjuangan menuju Indonesia merdeka. atext